1142 1649 1403 1181 1825 1962 1461 1112 1720 1174 1821 1850 1218 1241 1515 1647 1320 1764 1469 1356 1597 1539 1378 1513 1295 1329 1743 1048 1926 1151 1155 1097 1093 1199 1806 1857 1873 1461 1047 1348 1661 1459 1856 1363 1798 1222 1312 1429 1180 1969 1182 1390 1221 1306 1825 1611 1331 1889 1577 1969 1768 1328 1510 1486 1385 1678 1279 1623 1918 1769 1583 1228 1449 1101 1370 1401 1260 1217 1486 1460 1157 1439 1205 1938 1991 1866 1086 1487 1211 1562 1658 1720 1693 1688 1640 1049 1285 1235 1550 BCNSPRNW ULIB Ver.6.0+V

เปลี่ยนเป็นภาษาไทย

Change to English
 แสดงรายละเอียดบรรณานุกรม
  กลับหน้าหลัก

Brief Record : Get Marc (ISO 2709) : E-mail record : QR code < ปิดหน้าต่าง
LEADER : 00000nam 2200000uu 4500
001    13399127340
003     ULIB
008    200428s2562||||th 000 0 tha d
020    ^a9789745337374
060 04 ^aW84.5^bส734ค
245 00 ^aคู่มือภาคสนามรายวิชาชนบทศึกษาทางการแพทย์ 1-4 /^cสีขาว เชื้อปรุง
250    ^aพิมพ์ครั้งที่ 2
260    ^aนครราชสีมา :^bมหาวิทยาลัยเทคโนโลยีสุรนารี,^c2562
300    ^a172 หน้า :^bภาพประกอบ ;^c26 ซม.
650  4 ^aการแพทย์ชนบท
650  4 ^aเวชศาสตร์ชุมชน
945    ^p180^l0^i006922
945    ^p180^l0^i006923
945    ^p180^l0^i006924
945    ^p180^l0^i006925
945    ^p180^l0^i006926
945    ^p180^l0^i006927
999    ^aประนอม เกษจรัล
รายการนี้ยังไม่มีแท็ก
คุณยังไม่ได้ล็อกอิน คุณสามารถมีกิจกรรมร่วมกับเว็บไซต์ได้ แต่ต้องล็อกอินก่อน ::
  ล็อกอิน

รายการสื่อสารสนเทศ

ลำดับที่ ประเภท เลขเรียก/บาร์โค้ด สถานที่ สถานะ
1. วิทยาศาสตร์การแพทย์ และสุขภาพ
หนังสือสำรอง
สถานะ=หนังสือสำรอง
W84.5 ส734ค ฉ.1 
  Barcode: 006922
ห้องสมุดวิทยาเขตสวรรค์ประชารักษ์
►หนังสือทั่วไป
บนชั้น
2. วิทยาศาสตร์การแพทย์ และสุขภาพ
วิทยาศาสตร์การแพทย์ และสุขภาพ
W84.5 ส734ค ฉ.2 
  Barcode: 006923
ห้องสมุดวิทยาเขตสวรรค์ประชารักษ์
►หนังสือทั่วไป
บนชั้น
3. วิทยาศาสตร์การแพทย์ และสุขภาพ
วิทยาศาสตร์การแพทย์ และสุขภาพ
W84.5 ส734ค ฉ.3 
  Barcode: 006924
ห้องสมุดวิทยาเขตสวรรค์ประชารักษ์
►หนังสือทั่วไป
บนชั้น
4. วิทยาศาสตร์การแพทย์ และสุขภาพ
วิทยาศาสตร์การแพทย์ และสุขภาพ
W84.5 ส734ค ฉ.4 
  Barcode: 006925
ห้องสมุดวิทยาเขตสวรรค์ประชารักษ์
►หนังสือทั่วไป
บนชั้น
5. วิทยาศาสตร์การแพทย์ และสุขภาพ
วิทยาศาสตร์การแพทย์ และสุขภาพ
W84.5 ส734ค ฉ.5 
  Barcode: 006926
ห้องสมุดวิทยาเขตสวรรค์ประชารักษ์
►หนังสือทั่วไป
บนชั้น
6. วิทยาศาสตร์การแพทย์ และสุขภาพ
วิทยาศาสตร์การแพทย์ และสุขภาพ
W84.5 ส734ค ฉ.6 
  Barcode: 006927
ห้องสมุดวิทยาเขตสวรรค์ประชารักษ์
►หนังสือทั่วไป
บนชั้น

รายการใกล้เคียง
    หัวเรื่อง [การแพทย์ชนบท]
    หัวเรื่อง [เวชศาสตร์ชุมชน]

BibComment


ยังไม่เคยถูกคอมเมนท์

คอมเมนท์ทรัพยากรรายการนี้
  คอมเมนท์: คู่มือภาคสนามราย..


 Copyright 2026. Bcnsprnw @Library